000 00526nam a2200181Ia 4500
005 20250508163832.0
008 008 250505s9999 xx 000 0 eng d
037 _aTextual
040 _aFEDL
_beng
_cFEDL
041 _aeng
_2eng
084 _a374, RED
_qFEDL
100 _aReddy G Lokanadha
_9418930
245 0 _aRole performance of continuing education workers
260 _aNew Delhi, India
_bDiscovery Publishing House
_c2000
300 _a66p.
942 _cTEXL
_h374, RED
999 _c1385523
_d1385523